[Event "HUN-chT U18"]
[Site "Miskolc"]
[Date "2009.10.29"]
[Round "7.5"]
[White "Rakos, Adam"]
[Black "Nagy, Zoltan"]
[Result "1/2-1/2"]
[WhiteElo "1994"]
[BlackElo "2007"]
[PlyCount "109"]
[EventDate "2009.10.26"]
[EventType "team-swiss"]
[EventRounds "8"]
[EventCountry "HUN"]
[SourceTitle "EXT 2016"]
[Source "ChessBase"]
[SourceDate "2015.10.08"]
[SourceVersion "1"]
[SourceVersionDate "2015.10.08"]
[SourceQuality "1"]

1. d4 d5 2. Nf3 Nf6 3. c4 c6 4. Nc3 e6 5. Bf4 Nbd7 6. e3 Be7 7. Bd3 dxc4 8. Bxc4 b5 9. Bd3 Bb7 10. 0-0 a6 11. Qe2 c5 12. dxc5 Nxc5 13. Rfd1 Nxd3 14. Rxd3 Qb6 15. Rad1 0-0 16. Bd6 Bxd6 17. Rxd6 Qc7 18. R6d2 Rfd8 19. a3 Ne4 20. Nxe4 Bxe4 21. Ne1 h6 22. f3 Bd5 23. Qd3 Rdc8 24. e4 Qa7+ 25. Qd4 Bb3 26. Qxa7 Rxa7 27. Rd8+ Rxd8 28. Rxd8+ Kh7 29. Rd3 Bc4 30. Rc3 e5 31. b3 Be6 32. Nd3 f6 33. Kf2 Kg8 34. Ke3 Kf8 35. Nc5 Bf7 36. Nd3 Ke8 37. Nb4 a5 38. Nd3 a4 39. b4 Bc4 40. Nb2 Be6 41. Rc5 Rb7 42. Nd3 Ke7 43. Rc6 Bd7 44. Rc3 Rb6 45. f4 exf4+ 46. Nxf4 Rc6 47. Rxc6 Bxc6 48. Kd4 g5 49. Nd5+ Ke6 50. Kc5 Bd7 51. Kd4 h5 52. g3 f5 53. exf5+ Kxf5 54. Ne3+ Ke6 55. Nd5 1/2-1/2

[Event "HUN-chT2 Barcza 0809"]
[Site "Hungary"]
[Date "2009.04.05"]
[Round "10.8"]
[White "Zelei, Zoltan"]
[Black "Rakos, Adam"]
[Result "1/2-1/2"]
[WhiteElo "1978"]
[BlackElo "1855"]
[PlyCount "45"]
[EventDate "2008.10.26"]
[EventType "team-tourn"]
[EventRounds "11"]
[EventCountry "HUN"]
[SourceTitle "EXT 2010"]
[Source "ChessBase"]
[SourceDate "2010.11.25"]
[SourceVersion "1"]
[SourceVersionDate "2010.11.25"]
[SourceQuality "1"]
[WhiteTeam "Mezokovesd"]
[BlackTeam "Kazincbarcika II"]
[WhiteTeamCountry "HUN"]
[BlackTeamCountry "HUN"]

1. d4 d5 2. c4 e6 3. e3 Nf6 4. Nf3 b6 5. Nc3 Bb7 6. b3 Bb4 7. Bd2 0-0 8. Bd3 h6 9. 0-0 Bd6 10. Rc1 c5 11. cxd5 exd5 12. Qc2 a6 13. Ne2 Nbd7 14. Ng3 Rc8 15. Qb1 Bxg3 16. hxg3 Ne4 17. Bc3 f5 18. Qb2 Qe7 19. Nh4 Qg5 20. Nf3 Qe7 21. Nh4 Qg5 22. Nf3 Qe7 23. Nh4 1/2-1/2

[Event "HUN-chT2 Barcza 0809"]
[Site "Hungary"]
[Date "2009.01.11"]
[Round "5.10"]
[White "Kovacs, Laszlo3333"]
[Black "Rakos, Adam"]
[Result "1-0"]
[WhiteElo "1991"]
[BlackElo "1855"]
[PlyCount "115"]
[EventDate "2008.10.26"]
[EventType "team-tourn"]
[EventRounds "11"]
[EventCountry "HUN"]
[SourceTitle "EXT 2010"]
[Source "ChessBase"]
[SourceDate "2010.11.25"]
[SourceVersion "1"]
[SourceVersionDate "2010.11.25"]
[SourceQuality "1"]
[WhiteTeam "Hajduszoboszlo"]
[BlackTeam "Kazincbarcika II"]
[WhiteTeamCountry "HUN"]
[BlackTeamCountry "HUN"]

1. d4 d5 2. c4 e6 3. Nf3 Nf6 4. Bg5 Be7 5. e3 h6 6. Bf4 0-0 7. Nc3 Bd6 8. Bxd6 Qxd6 9. c5 Qe7 10. Be2 c6 11. 0-0 Nbd7 12. b4 e5 13. dxe5 Nxe5 14. Nd4 Bg4 15. Bxg4 Nexg4 16. h3 Ne5 17. Rc1 Nc4 18. Qa4 a5 19. b5 Qxc5 20. bxc6 bxc6 21. Qxc6 Rfc8 22. Qxc5 Rxc5 23. Nb3 Rc7 24. Rfd1 a4 25. Nd4 Nd6 26. Nde2 Rc5 27. Rd3 Nde4 28. f3 Nxc3 29. Rcxc3 Rb5 30. Ra3 Rb4 31. Nc3 Ra5 32. Rd4 Rb2 33. Raxa4 Rc5 34. Ra3 Kf8 35. Kh2 Rc2 36. Rd3 Ke7 37. Rb3 Ke6 38. a4 Nd7 39. f4 Rc6 40. Nb5 Nc5 41. Nd4+ Kd6 42. Nxc6 Nxd3 43. Rxd3 Kxc6 44. Kg3 f5 45. Kf3 Ra2 46. Rd4 Kd6 47. Rb4 Ke7 48. Rb7+ Kf6 49. Ra7 Ra3 50. Rd7 Rxa4 51. Rxd5 Re4 52. Rxf5+ Kxf5 53. g4+ Ke6 54. Kxe4 g6 55. h4 Kf6 56. Kd5 h5 57. gxh5 g5 58. hxg5+ 1-0

[Event "HUN-chT U18"]
[Site "Miskolc"]
[Date "2008.10.29"]
[Round "4.25"]
[White "Rakos, Adam"]
[Black "Egyed, Gabor"]
[Result "0-1"]
[WhiteElo "1855"]
[BlackElo "1885"]
[PlyCount "122"]
[EventDate "2008.10.27"]
[EventType "team-swiss"]
[EventRounds "8"]
[EventCountry "HUN"]
[SourceTitle "EXT 2016"]
[Source "ChessBase"]
[SourceDate "2015.10.08"]
[SourceVersion "1"]
[SourceVersionDate "2015.10.08"]
[SourceQuality "1"]

1. d4 g6 2. Nf3 Bg7 3. e3 d6 4. Be2 Nf6 5. 0-0 0-0 6. c4 Nbd7 7. Nc3 c5 8. dxc5 Nxc5 9. Bd3 Bg4 10. e4 Rc8 11. Bg5 Nxd3 12. Qxd3 Bxf3 13. Qxf3 Rxc4 14. e5 dxe5 15. Qxb7 Qc7 16. Qxc7 Rxc7 17. Rfe1 Rb8 18. Re2 e6 19. Rd1 h6 20. Bxf6 Bxf6 21. Ne4 Bg7 22. b3 Rbc8 23. Red2 Rc1 24. h3 Rxd1+ 25. Rxd1 f5 26. Ng3 Rc7 27. Nf1 f4 28. f3 Bf8 29. Rd2 Bc5+ 30. Kh2 Bd4 31. g3 g5 32. Kg2 Kf7 33. h4 Kf6 34. hxg5+ hxg5 35. Re2 Rc1 36. g4 Ke7 37. a4 Bc3 38. b4 Rb1 39. b5 Rb4 40. Ra2 Rb3 41. Rc2 Ra3 42. Kf2 Ba5 43. Ke2 Rxa4 44. Nd2 Bxd2 45. Kxd2 Ra3 46. Ke2 Kd7 47. Rc6 Ra5 48. Rc5 a6 49. Rxe5 Rxb5 50. Re4 a5 51. Ra4 Kd6 52. Kd3 e5 53. Ra1 Kd5 54. Rh1 Rb3+ 55. Ke2 Re3+ 56. Kf2 a4 57. Rh8 a3 58. Rd8+ Kc4 59. Rc8+ Kb3 60. Rb8+ Ka2 61. Rb5 Ka1 0-1

[Event "HUN-chT U18"]
[Site "Miskolc"]
[Date "2008.10.28"]
[Round "2.21"]
[White "Rakos, Adam"]
[Black "Szilvasi, Marcell"]
[Result "1-0"]
[WhiteElo "1855"]
[BlackElo "1930"]
[PlyCount "81"]
[EventDate "2008.10.27"]
[EventType "team-swiss"]
[EventRounds "8"]
[EventCountry "HUN"]
[SourceTitle "EXT 2016"]
[Source "ChessBase"]
[SourceDate "2015.10.08"]
[SourceVersion "1"]
[SourceVersionDate "2015.10.08"]
[SourceQuality "1"]

1. d4 Nf6 2. Nf3 e6 3. Bf4 c5 4. e3 Nc6 5. Bb5 Qa5+ 6. Nc3 Nd5 7. Bxc6 bxc6 8. Qd2 Nxf4 9. exf4 Rb8 10. Rb1 Ba6 11. a3 cxd4 12. Nxd4 Be7 13. Nb3 Qc7 14. Qe3 d6 15. Ne2 d5 16. g3 Qb6 17. Qf3 Bc4 18. Nbc1 Qa5+ 19. c3 Bxa3 20. b4 Qb6 21. Nb3 c5 22. 0-0 cxb4 23. cxb4 Bxb4 24. Nbd4 0-0 25. Rfc1 Bxe2 26. Nxe2 Rfc8 27. f5 Rxc1+ 28. Rxc1 Qd8 29. Nd4 Rc8 30. Rd1 Qf6 31. Qg4 Rc4 32. fxe6 fxe6 33. Qxe6+ Qxe6 34. Nxe6 a5 35. Rxd5 a4 36. Rd7 Bc3 37. Ra7 Bb2 38. Ng5 g6 39. Nxh7 Be5 40. Ng5 Bd4 41. Ra6 1-0